000 00574nam a2200193 i 4500
001 115547
003 ES-MaACL
007 t|
008 070315q1922 sp ||||1| spa d
100 1 _aAlsina y Alsina, Francisco.
_920496
245 1 0 _aAlternadores /
_cpor Francisco Alsina y Alsina.
250 _a2ª ed.
260 _aMadrid :
_bCalpe,
_c[1922?]
300 _a143 :
_bil. ;
_c17 cm.
490 1 _aBiblioteca del electricista práctico ;
_v6
830 0 _aBiblioteca del electricista práctico ;
_v6
_9186267
852 _aES-MaACL
_jB-3739
999 _c115547
_d115547